Federal Subjects of Russia (With Flags) - Statistics

General Stats
  • This quiz has been taken 105 times
  • The average score is 51 of 86
Answer Stats
Picture Answer % Correct
Moscow
83%
Moscow Oblast
81%
Altai Krai
80%
Altai Republic
80%
Chechen Republic
78%
Republic of Sakha
76%
Republic of Crimea
74%
Republic of Dagestan
72%
Kaliningrad Oblast
70%
Omsk Oblast
70%
Republic of North Ossetia–Alania
70%
Sakhalin Oblast
70%
Jewish Autonomous Oblast
69%
Rostov Oblast
69%
Saint Petersburg
69%
Arkhangelsk Oblast
67%
Krasnodar Krai
67%
Murmansk Oblast
67%
Republic of Tuva
67%
Nenets Autonomous Okrug
65%
Perm Krai
65%
Yamalo-Nenets Autonomous Okrug
65%
Amur Oblast
63%
Belgorod Oblast
63%
Chelyabinsk Oblast
63%
Chuvash Republic
63%
Donetsk People's Republic
63%
Irkutsk Oblast
63%
Komi Republic
63%
Kurgan Oblast
63%
Republic of Buryatia
63%
Republic of Ingushetia
63%
Republic of Karelia
63%
Tomsk Oblast
63%
Bryansk Oblast
61%
Kabardino-Balkaria Republic
61%
Kamchatka Krai
61%
Luhansk People's Republic
61%
Nizhny Novgorod Oblast
61%
Republic of Adygea
61%
Republic of Kalmykia
61%
Republic of Tatarstan
61%
Udmurt Republic
61%
Astrakhan Oblast
59%
Chukotka Autonomous Okrug
59%
Volgograd Oblast
59%
Ivanovo Oblast
57%
Mari El Republic
57%
Novgorod Oblast
57%
Karachay-Cherkessia Republic
56%
Kursk Oblast
56%
Novosibirsk Oblast
56%
Pskov Oblast
56%
Republic of Bashkortostan
56%
Sevastopol
56%
Tula Oblast
56%
Vladimir Oblast
56%
Kaluga Oblast
54%
Kostroma Oblast
54%
Krasnoyarsk Krai
54%
Lipetsk Oblast
54%
Penza Oblast
54%
Primorsky Krai
54%
Samara Oblast
54%
Voronezh Oblast
54%
Khanty–Mansi Autonomous Okrug – Yugra
52%
Magadan Oblast
52%
Orenburg Oblast
52%
Saratov Oblast
52%
Smolensk Oblast
52%
Yaroslavl Oblast
52%
Stavropol Krai
50%
Tyumen Oblast
50%
Zabaykalsky Krai
50%
Kemerovo Oblast
48%
Ryazan Oblast
48%
Kirov Oblast
46%
Republic of Khakassia
46%
Sverdlovsk Oblast
46%
Tambov Oblast
46%
Tver Oblast
46%
Vologda Oblast
44%
Oryol Oblast
43%
Kherson Oblast
41%
Ulyanovsk Oblast
41%
Zaporozhye Oblast
20%
No matching quizzes found
Score Distribution
Percent of People with Each Score
Percentile by Number Answered
Your Score History
You have not taken this quiz